000
00486nam a2200145Ia 4500
008
151213s9999 xx 000 0 und d
100
_a
আবিদ আজাদ।
245
_a
আবিদ আজাদের কবিতা।
_c
আবিদ আজাদ।
260
_a
ঢাকা
_b
শিল্প তরু প্রকাশনী।
_c
1991
300
_a
8683 p.
650
_a
Bangla
650
_a
কবিতা।
700
_a
আবিদ আজাদ।
999
_c
4469
_d
4469